000 00253nam a22000857a 4500
008 161028b xxu||||| |||| 00| 0 eng d
100 _9977
_aRamchandran.K.etal
245 _aLets Grow with Composite Mathematics-VI
260 _aNew Delhi
_bArya Publications
_c2008
999 _c3636
_d3636